- Vigil Rubio, Jorge
Entry Nombre Personal
001 - NUMERO DE CONTROL
- campo de control: 47873
003 - IDENTIFICADOR DE NUMERO DE CONTROL
- campo de control: DLC
005 - FECHA Y HORA DE LA ÜLTIMA TRANSACCIÓN
- campo de control: 20230301135258.0
008 - DATOS DE LONGITUD FIJA
- campo de control de longitud fija: 071001n| azannaabn |a aaa c
010 ## - NÚMERO DE CONTROL DE LA BIBLIOTECA DEL CONGRESO
- Número de control LC: no2007116238
035 ## - NUMERO DE CONTROL
- Número de control: (OCoLC)oca07539028
040 ## - FUENTE DE CATALOGACIÓN
- Agencia original de catalogación: MXMxUNAM
- Lenguaje de catalogación: spa
- Description conventions: rda
- Agencia de transcripción: MXMxUNAM
- Agencia que lo modifica: TxCM
- Agencia que lo modifica: MX-MxUPN
100 1# - ENCABEZAMIENTO - NOMBRE PERSONAL
- Nombre personal: Vigil Rubio, Jorge
370 ## - LUGAR ASOCIADO
- Associated country: España
- Fuente del término: naf
374 ## - OCUPACIÓN
- Occupation: Traductor
- Occupation: Filósofo
- Fuente del término: lcsh
375 ## - GÉNERO
- Gender: masculino
377 ## - LENGUA ASOCIADA
- Language code: eng
400 1# - VEÁSE - NOMBRE DE PERSONA
- Personal name: Rubio, Jorge Vigil
400 1# - VEÁSE - NOMBRE DE PERSONA
- Personal name: Vigil, Jorge
670 ## - FUENTE EN LA QUE SE LOCALIZARON DATOS
- Cita de la fuente: Ensayos sobre Heidegger, 1993:
- Información localizada: reverso de la portada (Jorge Vigil Rubio)
670 ## - FUENTE EN LA QUE SE LOCALIZARON DATOS
- Cita de la fuente: Problemas de la ética, 1988:
- Información localizada: portada (Jorge Vigil)
670 ## - FUENTE EN LA QUE SE LOCALIZARON DATOS
- Cita de la fuente: Naufragio con espectador, 2017:
- Información localizada: portada (traducción de Jorge Vigil)
670 ## - FUENTE EN LA QUE SE LOCALIZARON DATOS
- Cita de la fuente: BNE in VIAF, viewed April 25, 2017
- Información localizada: (AAP: Vigil Rubio, Jorge; variant Vigil, Jorge; filósofo y traductor)
902 ## - CATALOGADOR
- Catalogador: NDAF/010323
